000 00281nam a22001337a 4500
008 170206b xxu||||| |||| 00| 0 eng d
020 _a9780316585330
041 _aeng
080 _a61
100 _a3
101 _aSHM
245 _aHUMAN HAND
_cARNOLD.S.RELMAN
942 _2udc
_cBK
999 _c4700
_d4700